000 00748nam a2200217 4500
005 20250617113210.0
010 _aENG-145412
020 _a9789361634604
_c325.00
035 _aEN-128944
037 _bDBAD
082 _a657
100 _aSindhu K.
_982099
245 _aFinance (Life Blood of an Organization)Accounts (Measures the Blood) Investment (Supplies the Blood)/
_cSindhu K....[et.al]
260 _aMadurai
_bShanlax Publications
_c2024
270 _a61,66 Vasantha Nagar
_bMadurai
_e625003
_mshanlaxpublications@gmail.com
300 _a115p.
_c29cm(Pb)
700 _aGuddad, Shankar
_eAuthor
_982092
700 _aShruthi S
_eAuthor
_982093
700 _aKusumitha B R
_eAuthor
_982094
942 _2ddc
_cEN
_h657
_mSIN
999 _c211842
_d211842